Cities of the World - Level: Master - Statistics

General Stats
  • This quiz has been taken 24 times
    17 since last reset
  • The average score is 83 of 155
Answer Stats
Hint Answer % Correct
Asia Beijing
93%
America Buenos Aires
86%
Europe London
86%
America Los Angeles
86%
Europe Moscow
86%
Europe Paris
86%
Asia Seoul
86%
Asia Shanghai
86%
Asia Tokyo
86%
America Bogota
79%
Africa Cairo
79%
Asia Canton
79%
Asia Dubai
79%
Africa Lagos
79%
Asia Manila
79%
America Mexico DF
79%
Asia Mumbai
79%
Asia New Delhi
79%
America New York
79%
America Rio de Janeiro
79%
Europe Rome
79%
America São Paulo
79%
Europe Barcelona
71%
America Chicago
71%
America Havana
71%
Europe Istanbul
71%
Asia Jakarta
71%
Europe Madrid
71%
Oceania Melbourne
71%
Asia Osaka
71%
Oceania Perth
71%
Europe Saint Petersburg
71%
Europe Warsaw
71%
Asia Abu Dhabi
64%
Europe Amsterdam
64%
Europe Athens
64%
America Atlanta
64%
Asia Bagdad
64%
Asia Bangkok
64%
Europe Berlin
64%
America Brasilia
64%
Africa Capetown
64%
Europe Dublin
64%
Asia Hanoi
64%
Africa Johannesburg
64%
America Lima
64%
America Miami
64%
Europe Milan
64%
Europe Munich
64%
America Santiago
64%
Europe Stockholm
64%
Asia Taipei
64%
Asia Tel Aviv
64%
America Washington DC
64%
Africa Abuja
57%
Europe Bern
57%
Europe Brussels
57%
America Caracas
57%
Africa Casablanca
57%
Europe Copenhagen
57%
Asia Dakha
57%
America Dallas
57%
Asia Hong Kong
57%
America Houston
57%
Asia Islamabad
57%
Asia Jerusalem
57%
Asia Kabul
57%
Asia Karachi
57%
Africa Kinshasa
57%
Asia Kuala Lumpur
57%
Europe Lisbon
57%
Europe Manchester
57%
America Montevideo
57%
Europe Naples
57%
Europe Nice
57%
Europe Oslo
57%
America Panamá City
57%
Europe Porto
57%
Europe Prague
57%
Africa Pretoria
57%
Europe Rotterdam
57%
America San Francisco
57%
Asia Singapore
57%
America Vancouver
57%
Europe Vienna
57%
Asia Wuhan
57%
Europe Zurich
57%
America Boston
50%
Europe Bucharest
50%
Europe Budapest
50%
Europe Frankfurt
50%
Europe Glasgow
50%
America Guadalajara
50%
Europe Hamburg
50%
Europe Kyiv
50%
Europe Lyon
50%
Europe Marseille
50%
Africa Nairobi
50%
America Philadelphia
50%
Asia Pyongyang
50%
Africa Rabbat
50%
Europe Sofia
50%
Asia Tehran
50%
America Toronto
50%
Asia Xi'an
50%
Africa Algiers
43%
Europe Birmingham
43%
Europe Florence
43%
America Guatemala City
43%
Asia Hyderabad
43%
Asia Kyoto
43%
Europe Liverpool
43%
America Montréal
43%
America Quito
43%
Asia Riyadh
43%
Europe Seville
43%
Europe Turin
43%
Europe Valencia
43%
Europe Venice
43%
Africa Addis Ababa
36%
Oceania Adelaide
36%
Europe Baku
36%
Europe Belgrade
36%
Asia Calcutta
36%
Europe Cologne
36%
Europe Krakow
36%
Africa Luanda
36%
Europe Minsk
36%
America Ottawa
36%
America Phoenix
36%
America Santo Domingo
36%
Asia Shenzhen
36%
Asia Tianjin
36%
Africa Abidjan
29%
Europe Leeds
29%
America Monterrey
29%
Asia Nagoya
29%
Oceania Sidney
29%
Europe Stuttgart
29%
Europe Toulouse
29%
Asia Agra
21%
America Belo Horizonte
21%
Europe Bilbao
21%
Africa Fez
21%
Africa Kampala
21%
America Medellin
21%
Asia Nanjing
21%
Europe Cork
14%
America Fortaleza
14%
America Guayaquil
14%
America Juárez
14%
America Cordoba
7%
Europe Jarkov
7%
Asia Zhengzhou
7%
Europe Bourdeaux
0%
No matching quizzes found
Score Distribution
Percent of People with Each Score
Percentile by Number Answered
Your Score History
You have not taken this quiz since the last reset